1855 1533 1679 1028 1150 1689 1802 1727 1299 1185 1694 1900 1768 1698 1626 1587 1456 1346 1892 1266 1876 1972 1134 1798 1912 1519 1917 1098 1311 1485 1658 1417 1193 1247 1137 1127 1470 1691 1796 1036 1470 1314 1975 1072 1209 1222 1630 1981 1402 1908 1743 1553 1133 1818 1732 1638 1409 1590 1364 1669 1219 1441 1530 1673 1651 1472 1616 1607 1269 1679 1278 1204 1267 1071 1456 1205 1631 1525 1068 1093 1779 1112 1591 1143 1142 1863 1137 1107 1861 1037 1919 1992 1890 1710 1714 1678 1368 1887 1509 BCNSPRNW ULIB Ver.6.0+V

เปลี่ยนเป็นภาษาไทย

Change to English
 แสดงรายละเอียดบรรณานุกรม
  กลับหน้าหลัก

Brief Record : Get Marc (ISO 2709) : E-mail record : QR code < ปิดหน้าต่าง
LEADER : 00000nam 2200000uu 4500
001    13399123863
003     ULIB
008    141212s2555||||th 000 0 tha d
020    ^a9786165515641
060 04 ^aW20.5^bห321
110 1  ^aจุฬาลงกรณ์มหาวิทยาลัย. ^bคณะแพทยศาสตร์. ^bศูนย์วิทยาการวิจัยแพทยศาสตร์
245 00 ^aหลักการทำวิจัย :^bสู่ความสำเร็จในการปฏิบัติ /^cบรรณาธิการ, พิเชฐ สัมปทานุกูล
250    ^aพิมพ์ครั้งที่ 2
260    ^aกรุงเทพฯ :^bศูนย์วิทยาการวิจัยแพทยศาสตร์ คณะแพทยศาสตร์ จุฬาลงกรณ์มหาวิทยาลัย,^c2555
300    ^a352 หน้า :^bภาพประกอบ ;^c30 ซม.
500    ^aตำราเล่มนี้เป็นฉบับปรับปรุงของตำราเล่มแรก ที่ชื่อ หลักการทำวิจัยให้สำเร็จ ซึ่งได้ตีพิมพ์ครั้งที่หนึ่ง ในปี พ.ศ. 2542 และได้ตีพิมพ์เพิ่มอีกหลายครั้งจนถึง พ.ศ. 2550
650  4 ^aแพทยศาสตร์^vวิจัย^xวิธีวิทยา
650  4 ^aวิจัย^xวิธีวิทยา
700 0  ^aพิเชฐ สัมปทานุกูล,^eบรรณาธิการ
945    ^p350^l0^i22419
945    ^p350^l0^i22420
999    ^aทศพร เกษรทอง
รายการนี้ยังไม่มีแท็ก
คุณยังไม่ได้ล็อกอิน คุณสามารถมีกิจกรรมร่วมกับเว็บไซต์ได้ แต่ต้องล็อกอินก่อน ::
  ล็อกอิน

รายการสื่อสารสนเทศ

ลำดับที่ ประเภท เลขเรียก/บาร์โค้ด สถานที่ สถานะ
1. Book การพยาบาล
Book การพยาบาล
สถานะ=หนังสือเก่า
W20.5 ห321 ฉ.1 
  Barcode: 22419
ห้องสมุดวิทยาเขตนครสวรรค์
►ส่วนจัดเก็บหนังสือเก่า นว.
บนชั้น
  ขอยืม
2. Book การพยาบาล
Book การพยาบาล
สถานะ=หนังสือเก่า
W20.5 ห321 ฉ.2 
  Barcode: 22420
ห้องสมุดวิทยาเขตนครสวรรค์
►ส่วนจัดเก็บหนังสือเก่า นว.
บนชั้น
  ขอยืม

BibComment


ยังไม่เคยถูกคอมเมนท์

คอมเมนท์ทรัพยากรรายการนี้
  คอมเมนท์: หลักการทำวิจัย ..


 Copyright 2026. Bcnsprnw @Library